000
00246nam a2200097Ia 4500
001
687473
005
20250826161556.0
008
250824s9999 xx 000 0 und d
245
0
_a
SİSİN SAKLADIKLARI
_c
MİYASE SERTBARUT
260
_b
TUDEM YAYINLARI
999
_c
687473
_d
687473